[Event "BL 0708 Godesberger SK - SC Remagen"]
[Site "?"]
[Date "2008.02.08"]
[Round "7.5"]
[White "Degraeve, Jean-Marc"]
[Black "Jenni, Florian"]
[Result "1-0"]
[WhiteElo "2546"]
[BlackElo "2511"]
[PlyCount "105"]
[EventDate "2008.??.??"]

1. e4 e5 2. Nf3 Nc6 3. Bc4 Bc5 4. c3 Nf6 5. d3 d6 6. Nbd2 O-O 7. O-O Bb6 8. a4
h6 9. Bb3 Re8 10. Re1 a6 11. Nc4 Ba7 12. Be3 Bxe3 13. Nxe3 Be6 14. a5 Rb8 15.
Ba4 Bd7 16. Bc2 Ne7 17. d4 Ng6 18. dxe5 dxe5 19. g3 Bc6 20. Qxd8 Rbxd8 21. Nf1
Nf8 22. N3d2 Bb5 23. Ba4 Ne6 24. f3 Re7 25. Bc2 Red7 26. Rad1 Nc5 27. Nb1 Bd3
28. Bxd3 Nxd3 29. Re2 Nh7 30. Red2 b5 31. axb6 cxb6 32. Ne3 Ng5 33. Rf1 Nh3+
34. Kh1 Ndf2+ 35. Rdxf2 Nxf2+ 36. Rxf2 Rd1+ 37. Rf1 Rxf1+ 38. Nxf1 Rd1 39. Nbd2
Rc1 40. c4 Re1 41. Kg1 Re2 42. b4 Kf8 43. b5 a5 44. c5 Ke7 45. cxb6 Kd8 46. Nc4
a4 47. Nfe3 Re1+ 48. Kg2 Rb1 49. Nd6 Rb2+ 50. Kh3 Kd7 51. b7 Kc7 52. Nd5+ Kb8
53. Ne7 1-0

[Event "BL 0708 Godesberger SK - SC Remagen"]
[Site "?"]
[Date "2008.02.08"]
[Round "7.6"]
[White "Likavsky, Tomas"]
[Black "Popovic, Petar"]
[Result "1/2-1/2"]
[WhiteElo "2496"]
[BlackElo "2474"]
[PlyCount "37"]
[EventDate "2008.??.??"]

1. d4 Nf6 2. c4 g6 3. Nc3 d5 4. Nf3 Bg7 5. Qa4+ Bd7 6. Qb3 dxc4 7. Qxc4 O-O 8.
Bf4 Bf5 9. Qxc7 Nc6 10. e3 Nb4 11. Rd1 Nfd5 12. Qxd8 Rfxd8 13. Nxd5 Nxd5 14.
Be5 Rac8 15. Bxg7 Kxg7 16. Be2 Rc2 17. Rd2 Rc1+ 18. Bd1 Ra1 19. O-O 1/2-1/2

[Event "BL 0708 Godesberger SK - SC Remagen"]
[Site "?"]
[Date "2008.02.08"]
[Round "7.8"]
[White "Schmidt, Bodo"]
[Black "Belkhodja, Slim"]
[Result "0-1"]
[WhiteElo "2370"]
[BlackElo "2476"]
[PlyCount "88"]
[EventDate "2008.??.??"]

1. d4 d6 2. Nf3 Nf6 3. Nbd2 Nc6 4. e4 e5 5. Bb5 exd4 6. Nxd4 Bd7 7. Nxc6 bxc6
8. Ba4 g6 9. O-O Bg7 10. Re1 O-O 11. Nf1 Re8 12. f3 h6 13. c4 Rb8 14. Rb1 d5
15. cxd5 cxd5 16. Bxd7 Qxd7 17. exd5 Rxe1 18. Qxe1 Nxd5 19. Bd2 Qa4 20. a3 Bxb2
21. Bxh6 Bd4+ 22. Kh1 Rxb1 23. Qxb1 Qxa3 24. h4 Qb2 25. Qe1 Qf2 26. Qxf2 Bxf2
27. g3 a5 28. Kg2 Be1 29. Bd2 Bxd2 30. Nxd2 Ne3+ 31. Kf2 Nf5 32. Nc4 a4 33. Kg2
f6 34. Kh3 Nd6 35. Na3 c6 36. Kg4 Nb5 37. Nc2 a3 38. Kf4 a2 39. Ke3 c5 40. g4
Kf7 41. f4 f5 42. gxf5 gxf5 43. Kd3 c4+ 44. Ke3 Kg6 0-1

[Event "BL 0708 SK Zehlendorf - TV Tegernsee"]
[Site "?"]
[Date "2008.02.09"]
[Round "8.2"]
[White "Ruck, Robert"]
[Black "Khenkin, Igor"]
[Result "1/2-1/2"]
[WhiteElo "2561"]
[BlackElo "2600"]
[PlyCount "42"]
[EventDate "2008.??.??"]

1. Nf3 d5 2. d4 Nf6 3. c4 c6 4. Nc3 e6 5. Bg5 dxc4 6. e4 b5 7. e5 h6 8. Bh4 g5
9. Nxg5 hxg5 10. Bxg5 Nbd7 11. exf6 Bb7 12. g3 c5 13. d5 Nxf6 14. Bg2 Be7 15.
O-O Nxd5 16. Bxe7 Kxe7 17. Nxb5 Qb6 18. Na3 Rh4 19. Qd2 Nf4 20. Nxc4 Qa6 21.
Rfc1 Rg8 1/2-1/2

[Event "BL 0708 SK Zehlendorf - TV Tegernsee"]
[Site "?"]
[Date "2008.02.09"]
[Round "8.5"]
[White "Teske, Henrik"]
[Black "Meister, Jakov"]
[Result "1/2-1/2"]
[WhiteElo "2518"]
[BlackElo "2491"]
[PlyCount "93"]
[EventDate "2008.??.??"]

1. d4 Nf6 2. c4 e6 3. Nf3 Bb4+ 4. Nbd2 b6 5. e3 Bb7 6. Bd3 c5 7. O-O cxd4 8.
exd4 O-O 9. a3 Be7 10. b4 a5 11. b5 d6 12. Bb2 Nbd7 13. Qe2 Re8 14. Rfd1 Bf8
15. Rac1 Rc8 16. Bb1 g6 17. Nf1 Nh5 18. g3 Rc7 19. Ne3 Qa8 20. Ne1 Bg7 21. Rc2
Nhf6 22. Rcc1 h5 23. a4 Nh7 24. Ba3 Bf8 25. Qf1 Ndf6 26. h4 Nd7 27. Nd3 Nhf6
28. Re1 e5 29. Bb2 Bh6 30. f4 exd4 31. Bxd4 Ne4 32. Qg2 Nc3 33. Qf2 Ne4 34. Qh2
Ndc5 35. Nxc5 Nxc5 36. Bc2 Rce7 37. Qd2 Qc8 38. Nd5 Bxd5 39. cxd5 Qg4 40. Kf2
Qh3 41. Rxe7 Rxe7 42. Kf3 Qg4+ 43. Kf2 Bg7 44. Bxc5 dxc5 45. Re1 Rxe1 46. Qxe1
Qd7 47. Bb3 1/2-1/2

[Event "BL 0708 SK Zehlendorf - TV Tegernsee"]
[Site "?"]
[Date "2008.02.09"]
[Round "8.6"]
[White "Berger, Steve"]
[Black "Bromberger, Stefan"]
[Result "1-0"]
[WhiteElo "2410"]
[BlackElo "2491"]
[PlyCount "81"]
[EventDate "2008.??.??"]

1. e4 e6 2. d4 d5 3. Nc3 Bb4 4. e5 c5 5. a3 Bxc3+ 6. bxc3 Ne7 7. h4 Qc7 8. Nf3
b6 9. h5 h6 10. Bb5+ Bd7 11. Bd3 Nbc6 12. Bd2 c4 13. Bf1 f6 14. Bf4 g5 15. hxg6
Nxg6 16. Rxh6 Rxh6 17. Bxh6 fxe5 18. Bg5 Nge7 19. Bf6 exd4 20. Nxd4 O-O-O 21.
Nxc6 Bxc6 22. Qe2 Re8 23. Be5 Qd7 24. Qh5 Ba4 25. O-O-O Qc6 26. Qf7 Kb7 27. Be2
Ka6 28. Re1 Nf5 29. Qc7 Qb5 30. Bd1 Qc5 31. Qxc5 bxc5 32. Bh5 Rg8 33. g4 Nh4
34. Bf6 Ng2 35. Rxe6+ Kb7 36. g5 Nf4 37. Re7+ Ka6 38. Bf7 Rf8 39. Be5 Ne2+ 40.
Kd2 Ng1 41. g6 1-0

[Event "BL 0708 SK Zehlendorf - TV Tegernsee"]
[Site "?"]
[Date "2008.02.09"]
[Round "8.7"]
[White "Boensch, Uwe"]
[Black "Werner, Dimo"]
[Result "0-1"]
[WhiteElo "2530"]
[BlackElo "2346"]
[PlyCount "72"]
[EventDate "2008.??.??"]

1. d4 Nf6 2. c4 e6 3. Nc3 Bb4 4. e3 O-O 5. Nge2 d5 6. a3 Be7 7. Nf4 c6 8. b4
dxc4 9. Bxc4 b5 10. Be2 a5 11. Rb1 axb4 12. axb4 Nd5 13. Ncxd5 exd5 14. Bd3 Bd6
15. O-O Ra6 16. e4 dxe4 17. Bxe4 Nd7 18. Rb3 Nf6 19. Bb1 Re8 20. h3 Nd5 21.
Nxd5 cxd5 22. Re1 Rxe1+ 23. Qxe1 Be6 24. Bd2 Qa8 25. Qe2 Ra1 26. g4 h5 27. Kg2
hxg4 28. hxg4 Qc8 29. Rc3 Qd8 30. Bf5 Qh4 31. Rh3 Rg1+ 32. Kxg1 Qxh3 33. f4
Bxf5 34. gxf5 Qxf5 35. Qxb5 Qg4+ 36. Kf2 Bxf4 0-1

[Event "BL 0708 SK Zehlendorf - TV Tegernsee"]
[Site "?"]
[Date "2008.02.09"]
[Round "8.8"]
[White "Orzech, Dominik"]
[Black "Kindermann, Stefan"]
[Result "1/2-1/2"]
[WhiteElo "2483"]
[BlackElo "2528"]
[PlyCount "88"]
[EventDate "2008.??.??"]

1. d4 d5 2. Nf3 Nf6 3. c4 c6 4. Nc3 a6 5. e3 b5 6. b3 Bg4 7. h3 Bxf3 8. gxf3
Nbd7 9. f4 e6 10. c5 Ne4 11. Nxe4 dxe4 12. Bg2 f5 13. f3 exf3 14. Bxf3 Rc8 15.
Qe2 Nf6 16. Bd2 Qd7 17. Rg1 Kf7 18. O-O-O Be7 19. Rg3 Rhe8 20. Rdg1 Bf8 21.
Bh5+ Nxh5 22. Qxh5+ Kg8 23. Bc3 Re7 24. h4 Rf7 25. Qe2 Qd5 26. h5 Rf6 27. Qh2
Kf7 28. R1g2 Rc7 29. Qg1 Ke8 30. Qe1 Rh6 31. Rh2 Qe4 32. Ba1 Rd7 33. Qc3 g6 34.
Qe1 Rxh5 35. Rxh5 gxh5 36. Qd1 Rg7 37. Qxh5+ Ke7 38. Qh4+ Kf7 39. Qh5+ Kg8 40.
Rxg7+ Bxg7 41. Qe8+ Bf8 42. Kd2 Qg2+ 43. Kd3 Qe4+ 44. Kd2 Qg2+ 1/2-1/2

[Event "BL 0708 SC Kreuzberg - SC Eppingen"]
[Site "?"]
[Date "2008.02.09"]
[Round "8.1"]
[White "Berkes, Ferenc"]
[Black "Sargissian, Gabriel"]
[Result "1/2-1/2"]
[WhiteElo "2606"]
[BlackElo "2673"]
[PlyCount "43"]
[EventDate "2008.??.??"]

1. d4 d5 2. c4 c6 3. Nc3 Nf6 4. cxd5 cxd5 5. Bf4 Nc6 6. e3 a6 7. a3 Bf5 8. Bd3
Bxd3 9. Qxd3 e6 10. Nf3 Be7 11. O-O O-O 12. Rfc1 Rc8 13. Nd2 Nh5 14. Bg3 Nxg3
15. hxg3 Na5 16. Ne2 b5 17. Rxc8 Qxc8 18. Rc1 Qa8 19. a4 bxa4 20. Qc3 Nb3 21.
Nxb3 axb3 22. Qxb3 1/2-1/2

[Event "BL 0708 SC Kreuzberg - SC Eppingen"]
[Site "?"]
[Date "2008.02.09"]
[Round "8.4"]
[White "Tischbierek, Raj"]
[Black "Balogh, Csaba"]
[Result "1/2-1/2"]
[WhiteElo "2487"]
[BlackElo "2561"]
[PlyCount "109"]
[EventDate "2008.??.??"]

1. e4 c5 2. Nc3 Nc6 3. Nge2 d6 4. d4 cxd4 5. Nxd4 Nf6 6. Be2 e6 7. O-O Be7 8.
Be3 O-O 9. f4 e5 10. Nf3 Ng4 11. Bc1 exf4 12. Bxf4 Be6 13. Nd5 Nge5 14. Kh1 Re8
15. c3 Rc8 16. Bg3 Bf8 17. Bh4 Qd7 18. Bb5 Bg4 19. Qd2 Bh5 20. Nd4 Bg6 21. Nf5
Rb8 22. Rae1 a6 23. Ba4 b5 24. Bb3 Na5 25. Bc2 Nac4 26. Qc1 Nb6 27. Nf4 a5 28.
Bf2 Qc6 29. Bd4 Nbd7 30. Qd1 Nc5 31. Nd5 Ne6 32. Bg1 Nc7 33. Nde3 Rbd8 34. Bb3
a4 35. Bd5 Qd7 36. a3 Na6 37. Ng4 Nxg4 38. Qxg4 Nc7 39. Bb6 Re5 40. Bxc7 Qxc7
41. Nd4 Qd7 42. Qg3 Rc8 43. Nf3 Ree8 44. Ng5 Re7 45. Nxf7 Rxf7 46. Rf3 Rc7 47.
Ref1 Qe8 48. Qf2 Bh5 49. Rf5 g5 50. Qg3 Kh8 51. Qxg5 Bg6 52. Bxf7 Rxf7 53. Rxf7
Bxf7 54. Qf6+ Kg8 55. h3 1/2-1/2

[Event "BL 0708 SC Kreuzberg - SC Eppingen"]
[Site "?"]
[Date "2008.02.09"]
[Round "8.5"]
[White "Acs, Peter"]
[Black "Kalinitschew, Sergey"]
[Result "1/2-1/2"]
[WhiteElo "2548"]
[BlackElo "2489"]
[PlyCount "61"]
[EventDate "2008.??.??"]

1. e4 c5 2. Nf3 Nc6 3. d4 cxd4 4. Nxd4 Qc7 5. Nc3 e6 6. Be3 a6 7. Qd2 Nf6 8.
O-O-O Bb4 9. f3 Ne5 10. Kb1 O-O 11. Nb3 Be7 12. f4 Nc4 13. Bxc4 Qxc4 14. e5 Ne8
15. f5 f6 16. fxe6 dxe6 17. Rhf1 fxe5 18. Rxf8+ Kxf8 19. Qf2+ Nf6 20. h3 a5 21.
Nd2 Qc7 22. Nde4 Kg8 23. Nxf6+ Bxf6 24. Ne4 Qf7 25. Qd2 b5 26. Nxf6+ Qxf6 27.
Bg5 Qf8 28. Qe2 Bb7 29. Qxe5 Qf5 30. Qxf5 exf5 31. g3 1/2-1/2

[Event "BL 0708 SC Kreuzberg - SC Eppingen"]
[Site "?"]
[Date "2008.02.09"]
[Round "8.6"]
[White "Volke, Karsten"]
[Black "Guliyev, Namig"]
[Result "1/2-1/2"]
[WhiteElo "2472"]
[BlackElo "2560"]
[PlyCount "43"]
[EventDate "2008.??.??"]

1. d4 d5 2. c4 dxc4 3. e3 e5 4. Bxc4 exd4 5. exd4 Nf6 6. Nf3 Be7 7. O-O O-O 8.
Nc3 Nc6 9. h3 Na5 10. Bd3 Be6 11. Re1 Nc6 12. a3 Re8 13. Bb5 a6 14. Bxc6 bxc6
15. Ne5 Bd5 16. Bg5 h6 17. Bxf6 Bxf6 18. Qa4 Qd6 19. Nxd5 cxd5 20. Ng4 Rxe1+
21. Rxe1 Rb8 22. Re8+ 1/2-1/2

[Event "BL 0708 SC Kreuzberg - SC Eppingen"]
[Site "?"]
[Date "2008.02.09"]
[Round "8.7"]
[White "Medvegy, Zoltan"]
[Black "Paehtz, Elisabeth"]
[Result "1-0"]
[WhiteElo "2512"]
[BlackElo "2452"]
[PlyCount "73"]
[EventDate "2008.??.??"]

1. d4 e6 2. c4 Bb4+ 3. Bd2 a5 4. g3 d6 5. Nc3 Nf6 6. Bg2 Nc6 7. a3 Bxc3 8. Bxc3
O-O 9. e4 d5 10. e5 Ne4 11. Ne2 Nxc3 12. bxc3 dxc4 13. Qa4 Bd7 14. Qxc4 a4 15.
O-O Na5 16. Qb4 Nb3 17. Rad1 Bc6 18. c4 Bxg2 19. Kxg2 c5 20. dxc5 Qc7 21. Rd6
Qxc5 22. Qxc5 Nxc5 23. Rb1 Nb3 24. Nc3 Na5 25. c5 Nc4 26. Rxb7 Rfc8 27. Rdd7
Nxe5 28. Rdc7 Rxc7 29. Rxc7 g5 30. Ne4 Nc4 31. c6 h6 32. Nc5 Kg7 33. Nxe6+ Kg6
34. Nc5 Nxa3 35. Rb7 Ra5 36. Nd7 Nb5 37. Rxb5 1-0

[Event "BL 0708 SC Kreuzberg - SC Eppingen"]
[Site "?"]
[Date "2008.02.09"]
[Round "8.8"]
[White "Loeffler, Stefan"]
[Black "Vogt, Lothar"]
[Result "1-0"]
[WhiteElo "2409"]
[BlackElo "2473"]
[PlyCount "81"]
[EventDate "2008.??.??"]

1. d4 g6 2. e4 Bg7 3. h4 d5 4. exd5 Qxd5 5. Be3 Nf6 6. Nc3 Qa5 7. Bc4 Nbd7 8.
Bd2 c6 9. Qe2 Qc7 10. h5 Nxh5 11. Nf3 Nb6 12. Bb3 Nf4 13. Bxf4 Qxf4 14. Rh4 Qc7
15. Ne5 Nd5 16. Bxd5 cxd5 17. Qb5+ Kf8 18. Nxd5 Qd6 19. O-O-O a6 20. Qa5 b5 21.
c4 bxc4 22. Nxc4 Qd7 23. Ndb6 Qc7 24. Nxa8 Qxc4+ 25. Qc3 Be6 26. Qxc4 Bxc4 27.
d5 Be2 28. Rd2 Bf6 29. Rb4 Kg7 30. Rxe2 Rxa8 31. Rb6 a5 32. f4 a4 33. g4 h5 34.
gxh5 gxh5 35. d6 Rc8+ 36. Rc2 Rd8 37. Rg2+ Kf8 38. dxe7+ Bxe7 39. Rh6 Bc5 40.
Rh8+ Ke7 41. Re2+ 1-0

[Event "BL 0708 Erfurter SK - SV Mülheim Nord"]
[Site "?"]
[Date "2008.02.09"]
[Round "8.1"]
[White "Landa, Konstantin"]
[Black "Kraemer, Martin"]
[Result "1-0"]
[WhiteElo "2678"]
[BlackElo "2436"]
[PlyCount "90"]
[EventDate "2008.??.??"]

1. e4 c5 2. Nc3 d6 3. Nge2 a6 4. g3 b5 5. Bg2 Bb7 6. O-O Nf6 7. a4 b4 8. Nd5
Nbd7 9. d4 e6 10. Nxf6+ Nxf6 11. d5 exd5 12. exd5 Be7 13. a5 O-O 14. c3 bxc3
15. bxc3 Bc8 16. h3 h5 17. Qc2 g6 18. Bh6 Re8 19. Qd2 Bf5 20. f3 Nh7 21. g4 Bg5
22. Bxg5 Qxg5 23. f4 Qe7 24. gxf5 Qxe2 25. Qxe2 Rxe2 26. fxg6 fxg6 27. Rfe1 Rc2
28. Re6 Rxc3 29. Rxd6 Rc4 30. Bf1 Rxf4 31. Bxa6 Rf6 32. Bb7 Ra7 33. Rd8+ Rf8
34. Rxf8+ Kxf8 35. a6 Nf6 36. Rf1 Ke7 37. Re1+ Kf8 38. Rf1 Ke7 39. Re1+ Kf7 40.
d6 c4 41. Re7+ Kf8 42. Kf2 g5 43. Bd5 Rxa6 44. Rf7+ Ke8 45. Rxf6 Kd7 1-0

[Event "BL 0708 Erfurter SK - SV Mülheim Nord"]
[Site "?"]
[Date "2008.02.09"]
[Round "8.4"]
[White "Kuczynski, Robert"]
[Black "Berelovich, Alexander"]
[Result "1/2-1/2"]
[WhiteElo "2483"]
[BlackElo "2595"]
[PlyCount "63"]
[EventDate "2008.??.??"]

1. e4 e6 2. d4 d5 3. Nc3 Bb4 4. e5 c5 5. a3 Ba5 6. dxc5 Bxc3+ 7. bxc3 Qc7 8.
Nf3 Ne7 9. c4 Nbc6 10. cxd5 exd5 11. Be2 Nxe5 12. O-O Nxf3+ 13. Bxf3 O-O 14.
Qd4 Be6 15. Bf4 Qc6 16. Qb4 a5 17. Qb6 Qa4 18. Bd6 Nc8 19. Qxb7 Nxd6 20. cxd6
Rab8 21. Qa7 Rbd8 22. c3 Rxd6 23. Rfb1 g6 24. Bd1 Qe4 25. Bb3 Rc8 26. Qxa5 Rdc6
27. Qb4 Qd3 28. Rd1 Qxc3 29. Qxc3 Rxc3 30. Bxd5 Bxd5 31. Rxd5 Rxa3 32. Rdd1
1/2-1/2

[Event "BL 0708 Erfurter SK - SV Mülheim Nord"]
[Site "?"]
[Date "2008.02.09"]
[Round "8.5"]
[White "Malakhatko, Vadim"]
[Black "Machelett, Heiko"]
[Result "1-0"]
[WhiteElo "2596"]
[BlackElo "2430"]
[PlyCount "111"]
[EventDate "2008.??.??"]

1. d4 Nf6 2. c4 d6 3. Nf3 Bf5 4. Nc3 h6 5. g3 Nbd7 6. Bg2 c6 7. O-O e5 8. d5 c5
9. Ne1 Be7 10. e4 Bg6 11. Nd3 O-O 12. f4 Ne8 13. Be3 Bf6 14. f5 Bh7 15. h4 a6
16. a3 Qc8 17. Ne1 Be7 18. Rf2 Rb8 19. Bf1 Qd8 20. Rg2 Nc7 21. a4 Re8 22. Nf3
g5 23. fxg6 Bxg6 24. Bxh6 Nf6 25. Nd2 Kh8 26. Bg5 Rg8 27. g4 Nd7 28. Nf3 Bxg5
29. Nxg5 Qe7 30. b3 Rg7 31. Raa2 Rbg8 32. Raf2 Nf6 33. Qf3 Nce8 34. Bd3 Nh7 35.
Nxh7 Bxh7 36. h5 f6 37. Nd1 Rg5 38. Ne3 Qd8 39. Nf1 Qb6 40. Nd2 Qc7 41. Rg3 Qg7
42. Rfg2 Qc7 43. Kh2 Qg7 44. Be2 Qe7 45. Qe3 Qd7 46. a5 Qc8 47. Bf3 Qd8 48. Qc3
Qe7 49. Nf1 Qc7 50. Ne3 Ng7 51. Nd1 Qe7 52. Nf2 Ne8 53. Nh3 R5g7 54. Qd2 Qf7
55. g5 fxg5 56. h6 1-0

[Event "BL 0708 Erfurter SK - SV Mülheim Nord"]
[Site "?"]
[Date "2008.02.09"]
[Round "8.6"]
[White "Mueller, Matthias"]
[Black "Levin, Felix"]
[Result "0-1"]
[WhiteElo "2405"]
[BlackElo "2552"]
[PlyCount "122"]
[EventDate "2008.??.??"]

1. e4 c6 2. d4 d5 3. Nc3 dxe4 4. Nxe4 Bf5 5. Ng3 Bg6 6. h4 h6 7. Nf3 Nd7 8. h5
Bh7 9. Bd3 Bxd3 10. Qxd3 e6 11. Bf4 Qa5+ 12. Bd2 Bb4 13. c3 Be7 14. c4 Qc7 15.
c5 Ngf6 16. O-O O-O 17. Rfe1 Rad8 18. Qc2 Rfe8 19. b4 Nf8 20. Qc1 Rd5 21. Bf4
Qd8 22. Be5 Ng4 23. Qf4 f5 24. Qc1 Nxe5 25. dxe5 Bg5 26. Qa3 a6 27. Ne2 Rd3 28.
Qb2 Qd7 29. Ned4 Rd8 30. Rad1 Rxd1 31. Rxd1 Qf7 32. a4 Be7 33. Qc2 Qxh5 34. Nb3
Qg4 35. Rd4 Rxd4 36. Nbxd4 Kf7 37. b5 axb5 38. axb5 Qe4 39. Qc3 Qd5 40. bxc6
bxc6 41. Qa5 Bxc5 42. Qc7+ Qd7 43. Qxd7+ Nxd7 44. Nxc6 Bb6 45. Nd2 g5 46. Nc4
Bc7 47. f3 Nb6 48. Nxb6 Bxb6+ 49. Kh2 Ke8 50. g3 Kd7 51. Nb4 Be3 52. Kg2 Bd2
53. Nd3 Kc6 54. Kf2 Kd5 55. Ke2 Bc3 56. f4 g4 57. Nf2 h5 58. Nd3 Kd4 59. Nf2
Bb4 60. Nd3 Be7 61. Nc1 h4 0-1

[Event "BL 0708 Erfurter SK - SV Mülheim Nord"]
[Site "?"]
[Date "2008.02.09"]
[Round "8.7"]
[White "Saltaev, Mihail"]
[Black "Enders, Peter"]
[Result "1/2-1/2"]
[WhiteElo "2511"]
[BlackElo "2441"]
[PlyCount "143"]
[EventDate "2008.??.??"]

1. e4 c5 2. Nf3 Nc6 3. Nc3 d6 4. d4 cxd4 5. Nxd4 Nf6 6. Bc4 e6 7. O-O Be7 8. a3
O-O 9. Ba2 Bd7 10. Kh1 Nxd4 11. Qxd4 Bc6 12. f3 b5 13. Bg5 a5 14. Bb3 Qb8 15.
a4 b4 16. Ne2 Bb7 17. Ng3 Ba6 18. Rfd1 Qa7 19. Qd2 Rac8 20. Rab1 Rfd8 21. Be3
Qb7 22. Qf2 Rd7 23. Rd4 Rdc7 24. Rbd1 Bc4 25. Bxc4 Rxc4 26. Rxc4 Rxc4 27. b3
Rc6 28. Bd4 Qc7 29. Rd2 d5 30. Bxf6 Bxf6 31. exd5 exd5 32. Nh5 Be7 33. g3 Bg5
34. Qd4 Bh6 35. Re2 Kf8 36. Qxd5 Qd6 37. Qxd6+ Rxd6 38. g4 g6 39. Ng3 Bf4 40.
Kg2 Bxg3 41. Kxg3 Rc6 42. h4 f6 43. g5 Kf7 44. Kf4 Rc5 45. Rd2 Ke7 46. Rg2 Kf7
47. Ke4 h6 48. Kd4 Rf5 49. gxh6 Rxf3 50. Kc5 Rf4 51. Kb6 Rxh4 52. Kxa5 g5 53.
Kb5 Kg6 54. a5 Rxh6 55. Kxb4 f5 56. a6 f4 57. a7 Rh8 58. Ka5 Kf5 59. b4 Ra8 60.
Ka6 f3 61. Rf2 g4 62. b5 Ke4 63. b6 g3 64. Rxf3 Kxf3 65. b7 Rxa7+ 66. Kxa7 g2
67. b8=Q g1=Q+ 68. Qb6 Qa1+ 69. Kb7 Qg7+ 70. Ka6 Qa1+ 71. Qa5 Qf6+ 72. Qb6
1/2-1/2

[Event "BL 0708 Erfurter SK - SV Mülheim Nord"]
[Site "?"]
[Date "2008.02.09"]
[Round "8.8"]
[White "Voekler, Bernd"]
[Black "Hausrath, Daniel"]
[Result "0-1"]
[WhiteElo "2371"]
[BlackElo "2499"]
[PlyCount "80"]
[EventDate "2008.??.??"]

1. e4 c5 2. Nf3 Nc6 3. d4 cxd4 4. Nxd4 Nf6 5. Nc3 e5 6. Ndb5 d6 7. Bg5 a6 8.
Na3 b5 9. Bxf6 gxf6 10. Nd5 f5 11. Bd3 Be6 12. O-O Bxd5 13. exd5 Ne7 14. c3 Bg7
15. Qh5 e4 16. Bc2 O-O 17. Rae1 Qc8 18. Bb3 Qc5 19. Nc2 Rae8 20. Re3 Ng6 21.
Qxf5 Re5 22. Qd7 a5 23. a3 f5 24. Nd4 Re7 25. Qc6 Bxd4 26. cxd4 Qxd4 27. Qxd6
a4 28. Bd1 f4 29. Re2 Re5 30. Qb4 Qxb4 31. axb4 Rxd5 32. Bc2 f3 33. Re3 fxg2
34. Kxg2 Rd2 35. Bxe4 Rxb2 36. Rb1 Rfxf2+ 37. Kg3 Rxb1 38. Kxf2 Rxb4 39. Bc6
Kg7 40. Re8 a3 0-1

[Event "BL 0708 Bindl-Aktionär - SF Katernberg"]
[Site "?"]
[Date "2008.02.09"]
[Round "8.2"]
[White "Baklan, Vladimir"]
[Black "Halkias, Stelios"]
[Result "1/2-1/2"]
[WhiteElo "2639"]
[BlackElo "2590"]
[PlyCount "41"]
[EventDate "2008.??.??"]

1. e4 c5 2. Nf3 Nc6 3. Bb5 d6 4. Bxc6+ bxc6 5. e5 dxe5 6. Nxe5 Qd5 7. Nf3 Bg4
8. d3 Nh6 9. Be3 Nf5 10. Nbd2 Nd4 11. c4 Bxf3 12. Nxf3 Nxf3+ 13. gxf3 Qf5 14.
f4 g6 15. Qf3 Rc8 16. Qe4 e6 17. Qxf5 gxf5 18. Rg1 Bd6 19. Ke2 Ke7 20. Rg7 Rb8
21. Rb1 1/2-1/2

[Event "BL 0708 Bindl-Aktionär - SF Katernberg"]
[Site "?"]
[Date "2008.02.09"]
[Round "8.4"]
[White "Baramidze, David"]
[Black "Senff, Martin"]
[Result "1/2-1/2"]
[WhiteElo "2569"]
[BlackElo "2474"]
[PlyCount "47"]
[EventDate "2008.??.??"]

1. e4 e5 2. Nf3 Nf6 3. Nxe5 d6 4. Nf3 Nxe4 5. d4 d5 6. Bd3 Bd6 7. O-O O-O 8. c4
c6 9. Qc2 Na6 10. a3 Bg4 11. Ne5 Bf5 12. f3 Bxe5 13. dxe5 Qb6+ 14. c5 Nexc5 15.
Bxf5 Nb3+ 16. Kh1 g6 17. Ra2 Nd4 18. Be3 Qb5 19. Bxd4 Qxf1+ 20. Bg1 gxf5 21.
Qxf5 Rae8 22. Nd2 Qe1 23. f4 Qxd2 24. Qg5+ 1/2-1/2

[Event "BL 0708 Bindl-Aktionär - SF Katernberg"]
[Site "?"]
[Date "2008.02.09"]
[Round "8.5"]
[White "Siebrecht, Sebastian"]
[Black "Bindrich, Falko"]
[Result "1/2-1/2"]
[WhiteElo "2481"]
[BlackElo "2512"]
[PlyCount "157"]
[EventDate "2008.??.??"]

1. Nf3 Nf6 2. g3 c6 3. Bg2 d5 4. O-O Bg4 5. d3 Nbd7 6. Qe1 e6 7. e4 Bxf3 8.
Bxf3 Bd6 9. exd5 cxd5 10. c4 O-O 11. Nc3 Ne5 12. Qe2 Nxf3+ 13. Qxf3 Be5 14. Bg5
dxc4 15. dxc4 Qa5 16. Bxf6 Bxf6 17. Rac1 Qb4 18. b3 Rad8 19. Ne4 Be7 20. Rc2
Rd7 21. Rd1 Rfd8 22. Rxd7 Qe1+ 23. Kg2 Rxd7 24. Qe2 Qxe2 25. Rxe2 Bb4 26. f4 h6
27. Kf3 Kf8 28. Nf2 g5 29. fxg5 hxg5 30. Ne4 g4+ 31. Kg2 Ke7 32. h3 gxh3+ 33.
Kxh3 Rd3 34. Nf2 Rd8 35. Ne4 Rd4 36. g4 Rd3+ 37. Kg2 Kf8 38. Nf2 Rd8 39. Ne4
Kg7 40. Kf3 Kg6 41. Nf2 Bc5 42. Ne4 Rd3+ 43. Kg2 Bb4 44. Nf2 Rd4 45. Ne4 a5 46.
Nf2 Be7 47. Kf3 Bg5 48. Re4 Rd2 49. Re2 Rd8 50. Re5 Bd2 51. Ne4 Bb4 52. Rg5+
Kh6 53. Rb5 Rd7 54. Kf4 Kg7 55. Ke5 Kf8 56. Nc5 Rd2 57. Nxb7 Rxa2 58. c5 Rg2
59. Nxa5 Rxg4 60. Nc4 Be1 61. Kd6 Bg3+ 62. Kd7 Rg5 63. Nd6 Rd5 64. Rb8+ Kg7 65.
b4 Bf2 66. Kc6 f5 67. Rc8 f4 68. Kd7 Bd4 69. c6 Be5 70. Kxe6 Rxd6+ 71. Kxe5 f3
72. Kxd6 f2 73. Rf8 Kxf8 74. c7 Kg7 75. c8=Q f1=Q 76. Qg4+ Kh8 77. Qh5+ Kg8 78.
Qg5+ Kh8 79. b5 1/2-1/2

[Event "BL 0708 Bindl-Aktionär - SF Katernberg"]
[Site "?"]
[Date "2008.02.09"]
[Round "8.6"]
[White "Slobodjan, Roman"]
[Black "Souleidis, Georgios"]
[Result "1-0"]
[WhiteElo "2547"]
[BlackElo "2421"]
[PlyCount "105"]
[EventDate "2008.??.??"]

1. e4 c5 2. Nf3 Nf6 3. e5 Nd5 4. d4 cxd4 5. Qxd4 e6 6. Bc4 Nc6 7. Qe4 d6 8.
exd6 Nf6 9. Qe2 Bxd6 10. Nc3 a6 11. Bg5 Qa5 12. O-O-O Be7 13. h4 Bd7 14. Ne4
Nxe4 15. Qxe4 O-O-O 16. Bxe7 Nxe7 17. Ne5 Be8 18. Nxf7 Bxf7 19. Bxe6+ Bxe6 20.
Qxe6+ Kb8 21. Qxe7 Rde8 22. Qd6+ Ka8 23. a3 Re2 24. Rd2 Rhe8 25. Rhd1 Qf5 26.
f3 g5 27. Rxe2 Rxe2 28. Qd8+ Ka7 29. Qd4+ Kb8 30. Qc3 Re8 31. hxg5 Qxg5+ 32.
Qd2 Qf5 33. Kb1 Ka8 34. Qd7 Qg6 35. Rd3 Re1+ 36. Ka2 Re8 37. g4 Rb8 38. Qd6
Qf7+ 39. Qd5 Qg6 40. Rc3 Qf6 41. Rc7 h6 42. Rd7 Qf4 43. Rd6 Ka7 44. Rd7 Qc1 45.
c3 Qf1 46. Rh7 Qc1 47. Re7 Ka8 48. Qe4 Qg5 49. c4 Ka7 50. Qe3+ Ka8 51. Qxg5
hxg5 52. Re5 Rf8 53. Rf5 1-0

[Event "BL 0708 Bindl-Aktionär - SF Katernberg"]
[Site "?"]
[Date "2008.02.09"]
[Round "8.7"]
[White "Scholz, Christian"]
[Black "Markos, Jan"]
[Result "0-1"]
[WhiteElo "2371"]
[BlackElo "2565"]
[PlyCount "70"]
[EventDate "2008.??.??"]

1. e4 c5 2. Nf3 Nc6 3. d4 cxd4 4. Nxd4 e5 5. Nb5 d6 6. N1c3 a6 7. Na3 Be7 8.
Nd5 Nf6 9. Nxe7 Nxe7 10. Bd3 d5 11. exd5 Nexd5 12. O-O O-O 13. Re1 Qc7 14. Bg5
Bg4 15. f3 Bh5 16. Nc4 e4 17. Bf1 Qc5+ 18. Kh1 exf3 19. gxf3 Rfe8 20. Bh4 b5
21. Nd2 Ne3 22. Bf2 Rad8 23. Nb3 Qc6 24. Qxd8 Rxd8 25. Rxe3 Ng4 26. Re2 Nxf2+
27. Rxf2 Qb6 28. Kg2 Qe3 29. Bd3 Qe5 30. Re2 Qxb2 31. a4 Qf6 32. Be4 Qg5+ 33.
Kf2 f5 34. Bd3 Qf4 35. Nd2 Qd4+ 0-1

[Event "BL 0708 Bindl-Aktionär - SF Katernberg"]
[Site "?"]
[Date "2008.02.09"]
[Round "8.8"]
[White "Stohl, Igor Dr"]
[Black "Thesing, Matthias"]
[Result "1-0"]
[WhiteElo "2545"]
[BlackElo "2393"]
[PlyCount "85"]
[EventDate "2008.??.??"]

1. c4 Nf6 2. Nf3 c6 3. d4 d5 4. Nc3 e6 5. Bg5 dxc4 6. e4 b5 7. e5 h6 8. Bh4 g5
9. Nxg5 hxg5 10. Bxg5 Nbd7 11. exf6 Qa5 12. g3 b4 13. Ne4 Ba6 14. Qf3 Qd5 15.
Rd1 c5 16. dxc5 Ne5 17. Qe3 Nd3+ 18. Bxd3 cxd3 19. O-O Rc8 20. Bf4 Bxc5 21.
Nxc5 Rxc5 22. Rc1 Rxc1 23. Rxc1 Bb7 24. f3 d2 25. Rd1 Qxf3 26. Qxf3 Bxf3 27.
Rxd2 Bd5 28. Rd4 b3 29. axb3 O-O 30. Bd6 Rc8 31. Rg4+ Kh8 32. Rg7 e5 33. Bxe5
Rc1+ 34. Kf2 Rc2+ 35. Ke3 Rxh2 36. b4 a6 37. Bc3 Rh5 38. g4 Rh7 39. Rg5 Rh3+
40. Kd4 Be6 41. Ra5 Bxg4 42. Rxa6 Rh5 43. Ra5 1-0